00987nam a2200301Ia 4500008004100000020001500041020001800056040001800074041000800092100001800100245009900118250001100217260005100228300001800279504002800297505012700325650001200452650001800464650001700482650001400499650001300513650001400526650001500540650003200555650001400587700003700601765004700638130821s2008 sp gr spa  a8472454665 a9788472454668 aCo-BoUCMbspa00aspa1 aSmith, Huston14aLas religiones del mundocHuston Smith ; traducción del inglés de Beatriz López Buisán a5a ed. aBarcelona (España)bEditorial Kairósc2008 a402 páginas aIncluye bibliografía. aHinduismo. -- Budismo. -- Taoísmo. -- Confucianismo. -- Judaísmo. -- Cristianismo. -- Islamismo y religiones tribales.04aBudismo04aConfucianismo04aCristianismo04aHinduismo04aIglesias04aIslamismo04aJudaísmo04aReligionesxInvestigaciones04aTaoísmo1 aLópez Buisán, Beatrizetrad. tThe world's religionsThe world's religions